Papiri dell'Università di Genova (PUG) /

محفوظ في:

المؤلف الرئيسي: Amelotti, Mario (مؤلف)

مؤلفون آخرون: Migliardi Zingale, Livia.

التنسيق: كتاب

اللغة: Italian

منشور في: Milano ; [Poi] Firenze : A. Giuffrè ; Gonnelli, 1974-1991.

سلاسل: Fondazione nobile Agostino Poggi. Pubblicazioni ; 10.
Papyrologica Florentina ; 6, 20.

الموضوعات:

الوسوم: إضافة وسم

لا توجد وسوم, كن أول من يضع وسما على هذه التسجيلة!

رقم الطلب: PA3310 .G33 v.1-3

LEADER 01478nam a22003017a 4500
003 OSt
005 20250929082525.0
008 250929m19741991it ah b 001 0 ita d
010 |a 75584486 
040 |c ARCE Library 
043 |a e-it--- 
050 1 4 |a PA3310  |b .G33 v.1-3 
100 1 |a Amelotti, Mario,  |e author  |9 25284 
245 1 0 |a Papiri dell'Università di Genova (PUG) /  |c A cura di Mario Amelotti e Livia Zingale Migliardi. 
264 1 |a Milano ;   |a [Poi] Firenze :   |b A. Giuffrè ;   |b Gonnelli,   |c 1974-1991. 
300 |a 3 volumes :   |b facsims. ;   |c 30 cm. 
490 1 |a Fondazione nobile Agostino Poggi. Pubblicazioni ;   |v 10. 
490 1 |a Papyrologica Florentina ;   |v 6, 20. 
504 |a Includes bibliographical references and indexes. 
505 0 |a Vol. 1: PUG / a cura di Mario Amelotti e Livia Zingale Migliardi.- 1974.- XI, 123 p., 31 facs.- (Università di Genova. Fondazione Nobile Agostino Poggi ; 10) . -- Vol. 2: PUG II / [a cura di] Livia Migliardi Zingale.- 1980.- XII, 90 p., 24 facs.- (Papyrologica florentina ; 6) -- Vol. 3: PUG III / Livia Migliardi Zingale.- 1991.- VIII, 93 p., 36 tav. ; 31 cm.- (Papyrologica florentina ; 20). 
610 2 0 |a Università di Genova. 
650 0 |a Manuscripts, Greek (Papyri)  |z Italy  |z Genoa. 
700 1 |a Migliardi Zingale, Livia.  |9 35967 
830 0 |a Fondazione nobile Agostino Poggi. Pubblicazioni ;   |v 10. 
830 0 |a Papyrologica Florentina ;   |v 6, 20.  
901 |a reviewed 
942 |c BK  |2 lcc 
999 |c 22286  |d 22286